[Event "American Continental 13th"]
[Site "Medellin"]
[Date "2017.06.11"]
[Round "3"]
[White "Munoz Monroy, Cinthya Carolina"]
[Black "Serna Escobar, Gustavo Dario"]
[Result "1-0"]
[WhiteElo "2002"]
[BlackElo "1763"]
[PlyCount "68"]
[EventDate "2017.06.10"]
[EventType "swiss"]
[EventRounds "11"]
[EventCountry "COL"]
[SourceTitle "CBM 178 Extra"]
[Source "ChessBase"]
[SourceDate "2017.06.22"]
[SourceVersion "1"]
[SourceVersionDate "2017.06.22"]
[SourceQuality "1"]

1. e4 c5 2. d4 cxd4 3. c3 d3 4. c4 d6 5. Nc3 Nc6 6. Bxd3 e6 7. Nf3 Be7 8. 0-0 Nf6 9. Qe2 0-0 10. Rd1 Qc7 11. Bg5 g6 12. Rac1 Bd7 13. Nd5 Qd8 14. Nxe7+ Qxe7 15. c5 e5 16. cxd6 Qd8 17. h3 h6 18. Bh4 Rc8 19. Bc4 Re8 20. Bd5 a5 21. Bg3 Nh5 22. Bh2 Nf4 23. Bxf4 exf4 24. Qc4 Qf6 25. Qb3 Rb8 26. Kh2 Kg7 27. Qb6 Qd8 28. Qb3 Qf6 29. Qa3 Kh7 30. Bxc6 Bxc6 31. d7 Re6 32. Rc5 Rd8 33. Qc3 Rxd7 34. Rxd7 Bxd7 1-0

[Event "COL-ch Seniors"]
[Site "Cartagena"]
[Date "2016.10.26"]
[Round "2"]
[White "Hoyos Campuzano, Efrain"]
[Black "Serna Escobar, Gustavo Dario"]
[Result "1-0"]
[WhiteElo "1820"]
[BlackElo "1773"]
[PlyCount "55"]
[EventDate "2016.10.26"]
[EventType "swiss"]
[EventRounds "7"]
[EventCountry "COL"]
[SourceTitle "EXT 2018"]
[Source "ChessBase"]
[SourceDate "2017.10.13"]
[SourceVersion "1"]
[SourceVersionDate "2017.10.13"]
[SourceQuality "1"]

1. e4 c5 2. Nf3 d6 3. d4 cxd4 4. Nxd4 Nc6 5. Be3 a6 6. Nc3 e6 7. Be2 Nf6 8. 0-0 Be7 9. Qd2 0-0 10. Rad1 Qc7 11. Bg5 Rd8 12. Kh1 b5 13. Nxc6 Qxc6 14. Bf3 e5 15. Bxf6 gxf6 16. Nd5 Qd7 17. Nb6 Qb7 18. Nxa8 Qxa8 19. Qb4 Qc6 20. Qd2 Be6 21. b3 Bd7 22. Qa5 Re8 23. g3 Bd8 24. Qd2 Bc7 25. Qe2 Bb6 26. Rc1 Qc7 27. Bg4 Bxg4 28. Qxg4+ 1-0

[Event "COL-ch U2000"]
[Site "Medellin"]
[Date "2016.??.??"]
[Round "4.29"]
[White "Duque, Arnel Alberto"]
[Black "Serna Escobar, Gustavo Dario"]
[Result "1-0"]
[WhiteElo "1866"]
[BlackElo "1773"]
[PlyCount "57"]
[EventDate "2016.02.29"]
[EventType "swiss"]
[EventRounds "9"]
[EventCountry "COL"]
[SourceTitle "EXT 2024"]
[Source "ChessBase"]
[SourceDate "2023.10.10"]
[SourceVersion "1"]
[SourceVersionDate "2023.10.10"]
[SourceQuality "1"]

1. e4 c5 2. Nf3 d6 3. d4 cxd4 4. Nxd4 Nc6 5. Nc3 a6 6. Bc4 e6 7. 0-0 Be7 8. Be3 Nf6 9. Bb3 Na5 10. f4 0-0 11. e5 Ne8 12. f5 Nxb3 13. Nxb3 dxe5 14. Qf3 Qc7 15. fxe6 Bxe6 16. Na4 Qc6 17. Qxc6 bxc6 18. Nbc5 Nc7 19. Nb6 Rad8 20. Nb7 Rb8 21. Na5 Bd5 22. Nd7 Rxb2 23. Nxf8 Rxc2 24. Rfc1 Rxg2+ 25. Kf1 Bxf8 26. Nxc6 f6 27. Ne7+ Kf7 28. Nxd5 Rxh2 29. Nxc7 1-0

[Event "Pan American Amateur-ch"]
[Site "San Andres Islas"]
[Date "2014.08.27"]
[Round "2"]
[White "Serna Escobar, Gustavo Dario"]
[Black "Panesso, Lina Maria"]
[Result "0-1"]
[WhiteElo "1794"]
[BlackElo "1916"]
[PlyCount "168"]
[EventDate "2014.08.26"]
[EventType "swiss"]
[EventRounds "9"]
[EventCountry "COL"]
[SourceTitle "EXT 2016"]
[Source "ChessBase"]
[SourceDate "2015.10.08"]
[SourceVersion "1"]
[SourceVersionDate "2015.10.08"]
[SourceQuality "1"]

1. d4 d5 2. c4 c6 3. Nf3 e6 4. e3 Nf6 5. Nc3 Nbd7 6. Bd3 dxc4 7. Bxc4 b5 8. Bd3 a6 9. a3 c5 10. dxc5 Nxc5 11. Bc2 Bb7 12. b4 Ncd7 13. 0-0 Qc7 14. Bb2 Bd6 15. h3 Rd8 16. Qe2 Nb6 17. Bb3 0-0 18. Rac1 Qe7 19. e4 e5 20. Rfd1 Bc8 21. Nd5 Nbxd5 22. Bxd5 Nh5 23. Qe3 Nf4 24. h4 Bb8 25. Rc2 Bg4 26. g3 Nh5 27. Kg2 Nf6 28. Rdd2 h6 29. Qc5 Bd6 30. Qb6 Nxd5 31. Rxd5 Qf6 32. Qe3 Rfe8 33. Rc6 Qe7 34. Rxa6 Bc8 35. Rb6 Bc7 36. Rbxb5 Qe6 37. Ng1 Ba6 38. Rxd8 Rxd8 39. Rd5 Rxd5 40. exd5 Qxd5+ 41. f3 Qb5 42. Qc1 Qb8 43. Qc3 f6 44. Qc6 Bb7 45. Qe6+ Kh8 46. Ne2 Qd8 47. Qc4 Bd5 48. Qc3 e4 49. fxe4 Bxe4+ 50. Kh2 Qd1 51. Ng1 Bb6 52. Nf3 Qe2+ 53. Kh3 Qxf3 54. Qxf3 Bxf3 55. a4 Bc6 56. a5 Bc7 57. a6 Bb6 58. Bc3 Bb5 59. Bd2 Bxa6 60. Bf4 Kg8 61. Kg2 Kf7 62. Bd6 g6 63. Kf3 Ke6 64. Bf8 h5 65. Bh6 Kd5 66. Bg7 Bd4 67. Bf8 Kc4 68. Ke4 Bc3 69. Be7 Be5 70. Kf3 f5 71. Bf8 Bc3 72. Kf4 Bf6 73. Bd6 Bb5 74. Bf8 Be8 75. Bd6 Bc3 76. Be7 Bxb4 77. Bf6 Bd2+ 78. Kf3 Kd3 79. Bd8 Bc6+ 80. Kf2 Kc2 81. Kg1 Kd1 82. Be7 Ke2 83. Bd6 Be3+ 84. Kh2 Kf1 0-1

[Event "COL-ch sf"]
[Site "Medellin"]
[Date "2014.??.??"]
[Round "3"]
[White "Lopez, Juan D"]
[Black "Serna Escobar, Gustavo Dario"]
[Result "1-0"]
[WhiteElo "1972"]
[BlackElo "1762"]
[PlyCount "25"]
[EventDate "2014.04.15"]
[EventType "swiss"]
[EventRounds "11"]
[EventCountry "COL"]
[SourceTitle "CBM 160 Extra"]
[Source "ChessBase"]
[SourceDate "2014.07.01"]
[SourceVersion "1"]
[SourceVersionDate "2014.07.01"]
[SourceQuality "1"]

1. e4 c5 2. Nf3 d6 3. d4 cxd4 4. Nxd4 e6 5. Nc3 a6 6. Be3 Bd7 7. f4 Qc7 8. f5 exf5 9. Nd5 Qd8 10. Nxf5 Nc6 11. Bb6 Qg5 12. Nc7+ Kd8 13. Ne6+ 1-0

[Event "COL-ch sf"]
[Site "Medellin"]
[Date "2014.??.??"]
[Round "11"]
[White "Olarte Parra, Jhoan Sebastian"]
[Black "Serna Escobar, Gustavo Dario"]
[Result "1/2-1/2"]
[WhiteElo "1956"]
[BlackElo "1762"]
[PlyCount "127"]
[EventDate "2014.04.15"]
[EventType "swiss"]
[EventRounds "11"]
[EventCountry "COL"]
[SourceTitle "CBM 160 Extra"]
[Source "ChessBase"]
[SourceDate "2014.07.01"]
[SourceVersion "1"]
[SourceVersionDate "2014.07.01"]
[SourceQuality "1"]

1. e4 c5 2. Nf3 d6 3. c4 Nc6 4. d4 cxd4 5. Nxd4 Nf6 6. Nc3 e6 7. Be3 Be7 8. Be2 Bd7 9. Nc2 0-0 10. 0-0 Qa5 11. Rb1 Ne5 12. f4 Ng6 13. b4 Qc7 14. Nd4 a6 15. a4 Rfd8 16. a5 Bc8 17. Nc2 Qd7 18. Bb6 Rf8 19. Ne3 h6 20. Qc2 Bd8 21. Bd4 Be7 22. Bb6 Bd8 23. Na4 Qc6 24. Bd3 Bd7 25. Bxd8 Rfxd8 26. Nb6 Rab8 27. g3 Be8 28. Rfc1 Ne7 29. Qg2 Nc8 30. Nxc8 Rbxc8 31. Nc2 Qc7 32. Qe2 Kh8 33. Ne1 Kg8 34. Nf3 Kh8 35. h3 Kg8 36. Kh2 Kh8 37. Qe3 Kg8 38. c5 dxc5 39. Rxc5 Qd6 40. Rxc8 Rxc8 41. e5 Nd5 42. Qe4 Qc6 43. Qh7+ Kf8 44. Qh8+ Ke7 45. Qxg7 Ne3 46. Ne1 Qc3 47. g4 Qd2+ 48. Kg3 Rc3 49. Qf6+ Kd7 50. Kh4 Rxd3 51. Nxd3 Qxd3 52. Rg1 Qg6 53. Qh8 Nf5+ 54. gxf5 Qxg1 55. Qxh6 exf5 56. Qd6+ Kc8 57. Qc5+ Qxc5 58. bxc5 Kd7 59. Kg5 Ke6 60. h4 f6+ 61. exf6 Kf7 62. Kxf5 Kg8 63. Ke6 Bf7+ 64. Ke7 1/2-1/2

[Event "COL-ch sf"]
[Site "Medellin"]
[Date "2014.??.??"]
[Round "6"]
[White "Serna Escobar, Gustavo Dario"]
[Black "Angulo, Pablo David"]
[Result "1/2-1/2"]
[WhiteElo "1762"]
[BlackElo "2029"]
[PlyCount "103"]
[EventDate "2014.04.15"]
[EventType "swiss"]
[EventRounds "11"]
[EventCountry "COL"]
[SourceTitle "CBM 160 Extra"]
[Source "ChessBase"]
[SourceDate "2014.07.01"]
[SourceVersion "1"]
[SourceVersionDate "2014.07.01"]
[SourceQuality "1"]

1. d4 Nf6 2. c4 d5 3. Nf3 c6 4. e3 Bf5 5. Nc3 e6 6. Be2 Bb4 7. Bd2 dxc4 8. Bxc4 0-0 9. 0-0 Ba5 10. Rc1 Nbd7 11. Re1 c5 12. Be2 Rc8 13. a3 Bc7 14. Nh4 cxd4 15. exd4 Be4 16. Nxe4 Nxe4 17. Nf3 Nxd2 18. Qxd2 Qf6 19. Qd3 Rfd8 20. Qe4 Bb6 21. Rxc8 Rxc8 22. Qxb7 Rd8 23. Rd1 g6 24. h3 Qf4 25. g3 Qf5 26. Rc1 Nf6 27. Rc8 Rxc8 28. Qxc8+ Kg7 29. Kg2 Nd5 30. Qc1 Qe4 31. Qd2 Ne7 32. Qe3 Qd5 33. Qe5+ Kg8 34. Qxd5 exd5 35. Bd1 Nf5 36. Bb3 Nxd4 37. Bxd5 Nxf3 38. Kxf3 Kf8 39. Ke2 f6 40. f3 h5 41. g4 Ke7 42. Kd3 Kd6 43. Bf7 hxg4 44. hxg4 g5 45. Kc4 Kc7 46. b4 Kb8 47. a4 Bg1 48. a5 Bf2 49. Bd5 Bg1 50. Kb5 Bd4 51. Kc6 Bf2 52. Be4 1/2-1/2

[Event "COL-ch sf"]
[Site "Medellin"]
[Date "2014.??.??"]
[Round "2"]
[White "Serna Escobar, Gustavo Dario"]
[Black "Sierra Mejia, Juan Pablo"]
[Result "0-1"]
[WhiteElo "1762"]
[BlackElo "1929"]
[PlyCount "98"]
[EventDate "2014.04.15"]
[EventType "swiss"]
[EventRounds "11"]
[EventCountry "COL"]
[SourceTitle "CBM 160 Extra"]
[Source "ChessBase"]
[SourceDate "2014.07.01"]
[SourceVersion "1"]
[SourceVersionDate "2014.07.01"]
[SourceQuality "1"]

1. d4 d5 2. c4 Nc6 3. Nf3 Bg4 4. e3 e5 5. dxe5 dxc4 6. Qxd8+ Rxd8 7. Bxc4 Nxe5 8. Be2 Bxf3 9. gxf3 Bb4+ 10. Bd2 Bxd2+ 11. Nxd2 Nd3+ 12. Bxd3 Rxd3 13. Ke2 Rd7 14. Rhd1 Nf6 15. Nc4 Ke7 16. Rxd7+ Kxd7 17. Rd1+ Kc8 18. Ne5 Rf8 19. a3 Ne8 20. Nd7 Rh8 21. Nc5 Nd6 22. Nd3 Re8 23. Rc1 Nf5 24. Rc4 g6 25. Nf4 c6 26. Re4 Rxe4 27. fxe4 Nd6 28. f3 Nc4 29. Nd3 b5 30. e5 Kd7 31. f4 a5 32. Kf3 h5 33. Ke4 Nd2+ 34. Kd4 Nf3+ 35. Kc5 Nxh2 36. Kb6 Nf1 37. Nc5+ Ke7 38. Kxc6 b4 39. axb4 axb4 40. e4 h4 41. Nd3 h3 42. Nf2 h2 43. Nh1 Ne3 44. Kc5 b3 45. Kd4 Nd1 46. f5 g5 47. Kc4 g4 48. Kxb3 Nf2 49. Ng3 Nxe4 0-1

[Event "Pan American-ch"]
[Site "Cartagena"]
[Date "2012.07.05"]
[Round "4"]
[White "Carrillo, Jose Antonio"]
[Black "Serna Escobar, Gustavo Dario"]
[Result "1/2-1/2"]
[WhiteElo "1874"]
[BlackElo "1642"]
[PlyCount "102"]
[EventDate "2012.07.04"]
[EventType "swiss"]
[EventRounds "9"]
[EventCountry "COL"]
[SourceTitle "CBM 149 Extra"]
[Source "ChessBase"]
[SourceDate "2012.08.24"]
[SourceVersion "1"]
[SourceVersionDate "2012.08.24"]
[SourceQuality "1"]

1. d4 d5 2. c4 e6 3. g3 c6 4. Bg2 Be7 5. Nf3 Nf6 6. 0-0 0-0 7. Qc2 Nbd7 8. Nbd2 Re8 9. Rd1 b6 10. e4 dxe4 11. Nxe4 Bb7 12. Bf4 Nxe4 13. Qxe4 Nf6 14. Qe2 Rc8 15. Rac1 Bd6 16. Be3 Qe7 17. c5 Bc7 18. Bg5 h6 19. Bxf6 Qxf6 20. Ne5 Bd8 21. Rc3 Rf8 22. Nd7 Qe7 23. Nxf8 Qxf8 24. b4 b5 25. Be4 Bf6 26. Bb1 Qd8 27. Qe4 g6 28. h4 Kg7 29. h5 Qd5 30. hxg6 Qxe4 31. Bxe4 fxg6 32. a4 a6 33. axb5 axb5 34. Ra3 Rd8 35. Ra7 Rd7 36. Rda1 Bxd4 37. Bxc6 Rf7 38. Rxb7 Bxa1 39. Rxf7+ Kxf7 40. Bxb5 Bc3 41. c6 Be5 42. Bd3 g5 43. b5 Bc7 44. Kg2 Kf6 45. Kf3 h5 46. Ke4 Bb6 47. Be2 h4 48. gxh4 gxh4 49. Bg4 Ke7 50. f4 Kd6 51. Bh3 Bc7 1/2-1/2

[Event "Pan American-ch"]
[Site "Cartagena"]
[Date "2012.07.04"]
[Round "1"]
[White "Serna Escobar, Gustavo Dario"]
[Black "Aristizabal Lopez, Jorge Alberto"]
[Result "0-1"]
[WhiteElo "1642"]
[BlackElo "1863"]
[PlyCount "94"]
[EventDate "2012.07.04"]
[EventType "swiss"]
[EventRounds "9"]
[EventCountry "COL"]
[SourceTitle "CBM 149 Extra"]
[Source "ChessBase"]
[SourceDate "2012.08.24"]
[SourceVersion "1"]
[SourceVersionDate "2012.08.24"]
[SourceQuality "1"]

1. d4 d5 2. c4 c6 3. Nf3 Nf6 4. e3 e6 5. Be2 dxc4 6. Bxc4 b5 7. Be2 a6 8. Bd2 Nbd7 9. a3 c5 10. dxc5 Nxc5 11. 0-0 Bb7 12. Bb4 Nd5 13. Bxc5 Bxc5 14. Nbd2 0-0 15. Rc1 Bb6 16. Nb3 Qf6 17. Qc2 Rac8 18. Qb1 Rfd8 19. h3 Qh6 20. Rxc8 Bxc8 21. Qe4 Qg6 22. Qxg6 hxg6 23. Rd1 Nf6 24. Rxd8+ Bxd8 25. Ne5 Nd7 26. Nxd7 Bxd7 27. Nc5 Bc8 28. Bf3 Bf6 29. Nd3 Kf8 30. Kf1 Ke7 31. Ke1 Kd6 32. Kd2 Bd8 33. Kc2 e5 34. Ba8 g5 35. f3 f5 36. e4 g4 37. fxg4 fxg4 38. hxg4 Bxg4 39. Kd2 Bg5+ 40. Ke1 a5 41. Bb7 Be6 42. Ke2 Bc4 43. b4 a4 44. Ba8 Bc1 45. Kd1 Bxa3 46. Kc2 Bxd3+ 47. Kxd3 Bxb4 0-1